Top songs by Year - Statistics

General Stats
  • This quiz has been taken 30 times
  • The average score is 11 of 18
Answer Stats
Year Song Artist/Band % Correct
2011 Rolling in the Deep Adele
100%
2012 Somebody That I Used to Know Gotye
87%
2009 Boom Boom Pow Black Eyed Peas
78%
2016 Love Yourself Justin Bieber
78%
2010 Tik Tok Ke$ha
78%
2015 Uptown Funk Mark Ronson
78%
2014 Happy Pharrell Williams
78%
2003 In Da Club 50 Cent
74%
2007 Irreplaceable Beyonce
70%
2004 Yeah! Usher
70%
2002 How Your Remind Me Nickelback
48%
2006 Bad Day Daniel Powter
43%
2008 Low Flo-Rida
43%
2017 Slide Calvin Harris
30%
2005 We Belong Together Mariah Carey
30%
2000 Breathe Faith Hill
22%
2001 Hanging By a Moment LifeHouse
22%
2013 Can't Hold Us Macklemore & Ryan Lewis
22%
No matching quizzes found
Score Distribution
Percent of People with Each Score
Percentile by Number Answered
Your Score History
You have not taken this quiz